01417nam a2200337 a 4500001001200000003000800012006001900020007001500039008004100054020002600095020002200121020001800143020002700161040002100188035002100209050002400230110003200254245008800286260008100374300002400455490004100479504005100520505009300571533015200664650002600816650004600842655002900888710001700917856012600934999001901060ebr10479973CaPaEBRm u cr cn|||||||||110714s2006 enka sb 001 0 eng d z0745325092 (hardback) z0745325084 (pbk.) z9780745325095 z9781849643115 (e-book) aCaPaEBRcCaPaEBR a(OCoLC)24457382414aJF1081b.T73 2006eb2 aTransparency International.10aGlobal corruption report 2006h[electronic resource] /cTransparency International. aLondon :bPluto Press in association with Transparency International,c2006. axxi, 362 p. :bill.0 aGlobal corruption report,x1749-3161 aIncludes bibliographical references and index.0 apt. 1. Corruption and health -- pt. 2. Country reports -- pt. 3. Research on corruption. aElectronic reproduction.bPalo Alto, Calif. :cebrary,d2011.nAvailable via World Wide Web.nAccess may be limited to ebrary affiliated libraries. 0aPolitical corruption. 0aConstruction industryxCorrupt practices. 7aElectronic books.2local2 aebrary, Inc.40uhttp://site.ebrary.com/lib/rucke/Doc?id=10479973zAn electronic book accessible through the World Wide Web; click to view c220358d220358